000
00352nam a2200121Ia 4500
020
_a
9780745304752
100
_a
Brown Judith M.
245
0
_a
Gandhi & Civil Disobedience : The Mahatma in Indian Politics : 1928
264
_b
Cambridge University Oress
_c
2009
300
_a
436
942
_c
IR
999
_c
120675
_d
120675